日本全国85机场&飞行场All 85 Airports & Airfields in Japan - Statistics

General Stats
  • This quiz has been taken 10 times
  • The average score is 13 of 85
Answer Stats
IATA ICAO 机场/飞行场 % Correct
HND RJTT 东京国际机场(羽田机场)
100%
NRT RJAA 成田国际机场
78%
IBR RJAH 百里飞行场(茨城机场)
56%
AOJ RJSA 青森机场
56%
NGO RJGG 中部国际机场
56%
KIX RJBB 关西国际机场
56%
CTS RJCC 新千岁机场
56%
SDJ RJSS 仙台机场
44%
ITM RJOO 大阪国际机场
44%
UKB RJBE 神户机场
44%
TAK RJOT 高松机场
44%
OKA ROAH 那霸机场
44%
KIJ RJSN 新潟机场
33%
HIJ RJOA 广岛机场
33%
TKS RJOS 德岛飞行场(德岛机场)
33%
MYJ RJOM 松山机场
33%
FUK RJFF 福冈机场
33%
KKJ RJFR 北九州机场
33%
NGS RJFU 长崎机场
33%
KMJ RJFT 熊本机场
33%
KMI RJFM 宫崎机场
33%
KOJ RJFK 鹿儿岛机场
33%
HNA RJSI 花卷机场
22%
FKS RJSF 福岛机场
22%
OKJ RJOB 冈山机场
22%
TTJ RJOR 鸟取机场
22%
KCZ RJOK 高知机场
22%
HSG RJFS 佐贺机场
22%
KUH RJCK 钏路机场
22%
OKD RJCO 札幌飞行场(丘珠机场)
22%
HKD RJCH 函馆机场
22%
HAC RJTH 八丈岛机场
11%
AXT RJSK 秋田机场
11%
TOY RJNT 富山机场
11%
KMQ RJNK 小松飞行场(小松机场)
11%
NKM RJNA 名古屋飞行场
11%
TJH RJBT 但马飞行场(但马机场)
11%
IZO RJOC 出云机场
11%
IWK RJOI 岩国飞行场(岩国机场)
11%
UBJ RJDC 山口宇部机场
11%
OIT RJFO 大分机场
11%
AKJ RJEC 旭川机场
11%
/ RJTF 调布飞行场
0%
OIM RJTO 大岛机场
0%
/ RJAN 新岛机场
0%
/ RJAZ 神津岛机场
0%
MYE RJTQ 三宅岛机场
0%
MSJ RJSM 三泽飞行场
0%
ONJ RJSR 大馆能代机场
0%
GAJ RJSC 山形机场
0%
SYO RJSY 庄内机场
0%
NTQ RJNW 能登机场
0%
MMJ RJAF 松本机场
0%
FSZ RJNS 静冈机场
0%
SHM RJBD 南纪白滨机场
0%
YGJ RJOH 美保飞行场(米子机场)
0%
OKI RJNO 隐崎机场
0%
IWJ RJOW 石见机场
0%
IKI RJDB 一岐机场
0%
TSJ RJDT 对马机场
0%
FUJ RJFE 福江机场
0%
AXJ RJDA 天草飞行场(天草机场)
0%
TNE RJFG 种子岛机场
0%
KUM RJFC 屋久岛机场
0%
KKX RJKI 喜界机场
0%
ASJ RJKA 奄美机场
0%
TKN RJKN 德之岛机场
0%
OKE RJKB 冲永良部机场
0%
RNJ RORY 与论机场
0%
AGJ RORA 粟国机场
0%
UEO ROKJ 久米岛机场
0%
KTD RORK 北大东机场
0%
MMD ROMD 南大东机场
0%
MMY ROMY 宫古机场
0%
TRA RORT 多良间机场
0%
SHI RORS 下地岛机场
0%
ISG ROIG 新石垣机场
0%
OGN ROYN 与那国机场
0%
WKJ RJCW 稚内机场
0%
RIS RJER 利尻机场
0%
MBE RJEB 纹别机场
0%
MMB RJCM 女满别机场
0%
SHB RJCN 中标津机场
0%
OBO RJCB 带广机场
0%
OIR RJEO 奥尻机场
0%
No matching quizzes found
Score Distribution
Percent of People with Each Score
Percentile by Number Answered
Your Score History
You have not taken this quiz